| 000 | 00497nam a2200181Ia 4500 | ||
|---|---|---|---|
| 005 | 20250326123529.0 | ||
| 008 | 250326s9999 xx 000 0 und d | ||
| 037 | _aTextbook | ||
| 040 |
_aFMSL _beng _cFMSL |
||
| 041 |
_aeng _2eng |
||
| 084 |
_aBobX L4 _qFMSL |
||
| 100 |
_aKenkel J L _9735401 |
||
| 245 | 0 |
_aDynamic linear economic models _cKenkel J L |
|
| 260 |
_aNY _bNY, Gordon and breach science _c1974 |
||
| 300 | _a380p | ||
| 942 |
_cTB _hBobX L4 |
||
| 999 |
_c1269785 _d1269785 |
||